01457nam a2200289 a 4500001000200000003000400002005001700006007000300023008003500026020001500061040002500076082003200101100003900133245010700172250001100279260006300290300002700353490002600380500007300406505037500479650007600854650005500930651003900985700005201024700003101076710006001107 OSt20231010103705.0ta100521s01999 dr ac r 001 0 spa d a9768175540 aDO-SdBNPbspacBPMSU 4aR920.729304bA385m 19992221 aAlfau Durán, Vetilio,d1909-198510aMujeres de la independencia /cVetilio Alfau Durán ; pròlogo Marìa Filomena Gonzàlez Canalda  a3a ed. aSanto Domingo :bEdiciones Librería la Trinitaria c1999 a71 p. :bil. ;c21 cm.0 aCuadernos popular,v2 aIncluye referencias bibliográficas y notas al pie de las páginas0 aMicaela de Rivera--Manuela Díez y Jiménez -- Josefa Antonio Pérez de la Paz -- María Baltasara de los Reyes -- María Trinidad Sánchez -- Ana Valverde -- Filomena Gómez de Cova -- Rosa Montás de Duvergé -- Froilana Febles -- Petronila Abreu y Delgado -- Rosa Bastardo de Guillermo -- Rosa Duarte y Díez -- Concepción Bona -- María de Jesús Pina. 4aMujeres en la independencia zRepública Dominicana vBiografíasx  4aHeroínaszRepública Dominicana vBiografías  4aRepública Dominicana xHistoria 1 a Gonzàlez Canalda, Marìa Filomenaepról. 1 aHernández Cristian,eil.2 aArchivo General de la Nación (República Dominicana)